संत्रा पिकाSाी आधुनिक लागवड (Record no. 336568)

MARC details
000 -LEADER
fixed length control field 00681nam a2200169Ia 4500
008 - FIXED-LENGTH DATA ELEMENTS--GENERAL INFORMATION
fixed length control field 090711s9999 xx 000 0 und d
082 ## - DEWEY DECIMAL CLASSIFICATION NUMBER
Item number 1600
100 ## - MAIN ENTRY--PERSONAL NAME
Personal name कापसे हरिशSांद्र
245 ## - TITLE STATEMENT
Title संत्रा पिकाSाी आधुनिक लागवड
260 ## - PUBLICATION, DISTRIBUTION, ETC. (IMPRINT)
Name of publisher, distributor, etc अतुल प्रकाशन
Date of publication, distribution, etc 1999
300 ## - PHYSICAL DESCRIPTION
Extent 79
600 ## - SUBJECT ADDED ENTRY--PERSONAL NAME
Personal name कापसे हरिशSांद्र
630 ## - SUBJECT ADDED ENTRY--UNIFORM TITLE
Uniform title संत्रा पिकाSाी आधुनिक लागवड
700 ## - ADDED ENTRY--PERSONAL NAME
Personal name कापसे हरिशSांद्र
730 ## - ADDED ENTRY--UNIFORM TITLE
Uniform title संत्रा पिकाSाी आधुनिक लागवड
942 ## - ADDED ENTRY ELEMENTS (KOHA)
Koha item type Book

No items available.